| 000 | 00918nam a2200301Ia 4500 | ||
|---|---|---|---|
| 001 | 92610 | ||
| 003 | IT-RoPAU | ||
| 008 | 130308s9999 xx 000 0 und d | ||
| 040 | _aIT-RoPAU | ||
| 040 | _cIT-RoPAU | ||
| 041 | _aSPAGNOLO | ||
| 100 | _aGarcia Valladares Encarnacion | ||
| 100 | _gCodice Aut. SPICS: 32546 | ||
| 245 | _aIncorporacion de los films de marionetas a la tv (La) | ||
| 245 | _bIi Conversaciones nacionales de television infantil Y Juvenil | ||
| 250 | _a1a ed. | ||
| 260 | _aSPAGNA | ||
| 260 | _bTVE | ||
| 260 | _c1966 [1° Ed.:1966 - Ed.Ling.Originale:1966] | ||
| 300 | _a"7 p. (prefazione: no ; testo: 7 [pagine: 81-87])" | ||
| 500 | _aIncorporazione dei Films di Marionette Alla Televisione Personaggi nel Film di Animazione | ||
| 650 | _aEDUCAZIONE ALLA TELEVISIONE | ||
| 650 | _eCodice materia Spics: 6962 | ||
| 942 | _cBK | ||
| 957 | _71 | ||
| 999 |
_c58208 _d58208 |
||
| 999 | _bSI | ||
| 999 | _g1 | ||